[Event "Moscow Open F"]
[Site "?"]
[Date "2017.02.03"]
[Round "8.11"]
[White "Barash, Mikhail"]
[Black "Lojko, Alexej"]
[Result "0-1"]
[BlackElo "2273"]
[WhiteElo "2117"]
[LiveChessVersion "1.4.8"]

1. d4 {[%clk 1:27:42]} d5 {[%clk 1:30:57]} 2. Nc3 {[%clk 1:28:10]} Nf6
{[%clk 1:31:12]} 3. Bf4 {[%clk 1:28:35]} c5 {[%clk 1:31:22]} 4. e3
{[%clk 1:28:52]} cxd4 {[%clk 1:31:12]} 5. exd4 {[%clk 1:27:45]} a6
{[%clk 1:31:18]} 6. Nf3 {[%clk 1:26:09]} Nc6 {[%clk 1:31:42]} 7. Ne5
{[%clk 1:25:13]} e6 {[%clk 1:26:27]} 8. Nxc6 {[%clk 1:21:59]} bxc6
{[%clk 1:26:55]} 9. Na4 {[%clk 1:22:07]} Bd6 {[%clk 1:24:20]} 10. Bxd6
{[%clk 1:21:22]} Qxd6 {[%clk 1:24:47]} 11. Be2 {[%clk 1:21:18]} Nd7
{[%clk 1:21:30]} 12. O-O {[%clk 1:20:03]} O-O {[%clk 1:18:10]} 13. c4
{[%clk 1:15:51]} a5 {[%clk 0:46:23]} 14. Rc1 {[%clk 1:00:56]} Ba6
{[%clk 0:40:41]} 15. Rc3 {[%clk 0:49:30]} dxc4 {[%clk 0:07:32]} 16. Bxc4
{[%clk 0:47:06]} Bb5 {[%clk 0:05:33]} 17. Qc2 {[%clk 0:35:06]} Bxa4
{[%clk 0:01:12]} 18. Qxa4 {[%clk 0:35:10]} Qxd4 {[%clk 0:00:56]} 19. Rd1
{[%clk 0:28:00]} Nc5 {[%clk 0:01:13]} 20. Qc2 {[%clk 0:26:56]} Qe4
{[%clk 0:01:42]} 21. Be2 {[%clk 0:24:50]} Qxc2 {[%clk 0:01:30]} 22. Rxc2
{[%clk 0:25:02]} Na4 {[%clk 0:00:47]} 23. Bf3 {[%clk 0:14:44]} Rfd8
{[%clk 0:00:34]} 24. Rxd8+ {[%clk 0:14:54]} Rxd8 {[%clk 0:01:03]} 25. g3
{[%clk 0:15:09]} Rc8 {[%clk 0:00:36]} 26. b3 {[%clk 0:12:32]} Nb6
{[%clk 0:00:59]} 27. Rc5 {[%clk 0:12:10]} a4 {[%clk 0:00:38]} 28. bxa4
{[%clk 0:11:35]} Nd5 {[%clk 0:00:33]} 29. Be2 {[%clk 0:08:27]} Kf8
{[%clk 0:00:45]} 30. a5 {[%clk 0:06:43]} Ke7 {[%clk 0:00:59]} 31. a6
{[%clk 0:06:45]} Kd6 {[%clk 0:00:56]} 32. Rc1 {[%clk 0:06:35]} Kc7
{[%clk 0:00:42]} 33. a4 {[%clk 0:05:09]} Rb8 {[%clk 0:00:32]} 34. Bb5
{[%clk 0:03:54]} Ne7 {[%clk 0:00:36]} 35. Rc2 {[%clk 0:02:55]} Kb6
{[%clk 0:00:37]} 36. Bd3 {[%clk 0:01:53]} h6 {[%clk 0:00:34]} 37. f4
{[%clk 0:01:26]} Nd5 {[%clk 0:00:41]} 38. Be2 {[%clk 0:00:49]} Nb4
{[%clk 0:00:49]} 39. Rb2 {[%clk 0:00:48]} Ka5 {[%clk 0:00:36]} 40. Rd2
{[%clk 0:00:48]} Nd5 {[%clk 0:00:42]} 41. Rc2 {[%clk 0:00:48]} Kb6
{[%clk 0:00:38]} 42. Kf2 {[%clk 0:01:00]} Nb4 {[%clk 0:00:49]} 43. Rb2
{[%clk 0:01:13]} Ka7 {[%clk 0:01:13]} 44. Rd2 {[%clk 0:01:16]} Nxa6
{[%clk 0:01:27]} 45. Rd7+ Rb7 46. Rxb7+ {[%clk 0:00:34]} Kxb7 {[%clk 0:02:25]}
47. Bxa6+ Kxa6 48. Ke3 {[%clk 0:01:04]} Ka5 {[%clk 0:02:28]} 49. Kd4
{[%clk 0:01:32]} Kb4 {[%clk 0:02:34]} 0-1

[Event "Moscow Open F"]
[Site "?"]
[Date "2017.02.03"]
[Round "8.12"]
[White "Bochkov, Artem"]
[Black "Pahomov, Ruslan"]
[Result "1-0"]
[BlackElo "2270"]
[WhiteElo "2056"]
[LiveChessVersion "1.4.8"]

1. e4 c5 2. Nf3 Nc6 3. d4 cxd4 4. Nxd4 g6 5. Nc3 Bg7 6. Be3 Nf6 7. Bc4 O-O 8. Bb3
Ng4 9. Qxg4 Nxd4 10. Qg3 d6 11. Rd1 Nxb3 12. axb3 Qa5 13. Bd4 Bxd4 14. Rxd4 Be6
15. O-O Rac8 16. f4 f5 17. Re1 Rf7 18. Kh1 Rcf8 19. Qe3 1-0

[Event "Moscow Open F"]
[Site "?"]
[Date "2017.02.03"]
[Round "8.13"]
[White "Klimov, Ivan"]
[Black "Volodin, Ivan"]
[Result "0-1"]
[BlackElo "2265"]
[WhiteElo "2061"]
[LiveChessVersion "1.4.8"]

1. g3 {[%clk 1:30:36]} c5 {[%clk 1:26:25]} 2. Bg2 {[%clk 1:30:58]} Nc6
{[%clk 1:25:51]} 3. Nf3 {[%clk 1:31:12]} e5 {[%clk 1:26:06]} 4. d3
{[%clk 1:31:15]} g6 {[%clk 1:26:31]} 5. O-O {[%clk 1:31:18]} Bg7 {[%clk 1:26:54]}
6. c3 {[%clk 1:31:41]} Nge7 {[%clk 1:27:11]} 7. e4 {[%clk 1:31:53]} O-O
{[%clk 1:26:35]} 8. Nbd2 {[%clk 1:31:58]} d6 {[%clk 1:26:29]} 9. a4
{[%clk 1:31:13]} h6 {[%clk 1:25:13]} 10. Nc4 {[%clk 1:31:05]} f5 {[%clk 1:25:04]}
11. exf5 {[%clk 1:22:56]} Bxf5 {[%clk 1:14:56]} 12. Re1 {[%clk 1:21:21]} Qd7
{[%clk 1:12:03]} 13. a5 {[%clk 1:16:32]} Kh7 {[%clk 1:03:53]} 14. Ra4
{[%clk 1:14:24]} Rae8 {[%clk 0:38:29]} 15. b3 {[%clk 1:07:12]} Nc8
{[%clk 0:24:11]} 16. Nh4 {[%clk 0:49:43]} d5 {[%clk 0:05:39]} 17. Nxf5
{[%clk 0:46:18]} Qxf5 {[%clk 0:06:00]} 18. Bxd5 {[%clk 0:45:06]} e4
{[%clk 0:06:20]} 19. Bxe4 {[%clk 0:33:18]} Qxf2+ {[%clk 0:06:44]} 20. Kh1
{[%clk 0:33:45]} Bxc3 {[%clk 0:06:11]} 21. Bd2 {[%clk 0:34:08]} Bxd2
{[%clk 0:04:23]} 22. Nxd2 {[%clk 0:32:05]} Nd6 {[%clk 0:02:36]} 23. Rf1
{[%clk 0:29:42]} Qe3 {[%clk 0:02:51]} 24. Nc4 {[%clk 0:28:05]} Nxc4
{[%clk 0:02:51]} 25. Rxc4 {[%clk 0:26:12]} Ne5 {[%clk 0:00:54]} 26. Re1
{[%clk 0:23:56]} Nxc4 {[%clk 0:01:08]} 27. Rxe3 {[%clk 0:23:11]} Nxe3
{[%clk 0:01:34]} 0-1

[Event "Moscow Open F"]
[Site "?"]
[Date "2017.02.03"]
[Round "8.14"]
[White "Zhileykin, Andrey"]
[Black "Lugovets, Dmitry"]
[Result "1-0"]
[BlackElo "1990"]
[WhiteElo "2259"]
[LiveChessVersion "1.4.8"]

1. e4 {[%clk 1:27:51]} e6 {[%clk 1:30:53]} 2. d4 {[%clk 1:25:50]} d5
{[%clk 1:31:16]} 3. Nc3 {[%clk 1:26:19]} Nf6 {[%clk 1:31:37]} 4. exd5
{[%clk 1:23:15]} exd5 {[%clk 1:31:54]} 5. Bd3 {[%clk 1:23:42]} c6
{[%clk 1:17:23]} 6. Nge2 {[%clk 1:23:53]} Bd6 {[%clk 1:17:29]} 7. Bf4
{[%clk 1:23:59]} Bg4 {[%clk 1:09:04]} 8. Qd2 {[%clk 1:24:05]} Na6
{[%clk 1:07:14]} 9. a3 {[%clk 1:24:00]} Nc7 {[%clk 1:06:55]} 10. f3
{[%clk 1:23:58]} Bh5 {[%clk 1:02:11]} 11. O-O-O {[%clk 1:11:30]} Bg6
{[%clk 0:57:56]} 12. Rde1 {[%clk 1:11:03]} Bxd3 {[%clk 0:55:32]} 13. Bxd6
{[%clk 1:11:28]} Ne6 {[%clk 0:39:34]} 14. Be5 {[%clk 1:05:22]} Bxe2
{[%clk 0:39:02]} 15. Rxe2 {[%clk 1:05:43]} O-O {[%clk 0:37:03]} 16. g4
{[%clk 1:06:03]} Nd7 {[%clk 0:37:19]} 1-0

[Event "Moscow Open F"]
[Site "?"]
[Date "2017.02.03"]
[Round "8.15"]
[White "Badalyan, Shavarsh"]
[Black "Nasybullina, Alfia"]
[Result "1-0"]
[BlackElo "2219"]
[WhiteElo "2107"]
[LiveChessVersion "1.4.8"]

1. d4 {[%clk 1:29:45]} d5 {[%clk 1:23:48]} 2. c4 {[%clk 1:30:00]} e6
{[%clk 1:24:13]} 3. Nc3 {[%clk 1:30:20]} Nf6 {[%clk 1:24:37]} 4. cxd5
{[%clk 1:30:38]} exd5 {[%clk 1:25:00]} 5. Bg5 {[%clk 1:31:02]} c6
{[%clk 1:25:16]} 6. e3 {[%clk 1:31:25]} Bf5 {[%clk 1:25:00]} 7. Qf3
{[%clk 1:30:35]} Bg6 {[%clk 1:23:30]} 8. Bxf6 {[%clk 1:30:57]} gxf6
{[%clk 1:23:02]} 9. Rd1 {[%clk 1:14:12]} Nd7 {[%clk 1:21:13]} 10. Bd3
{[%clk 1:13:09]} Qb6 {[%clk 1:19:29]} 11. Nge2 {[%clk 1:04:02]} Qxb2
{[%clk 1:13:10]} 12. O-O {[%clk 0:57:42]} Qa3 {[%clk 0:55:13]} 13. e4
{[%clk 0:52:27]} dxe4 {[%clk 0:53:38]} 14. Bxe4 {[%clk 0:49:00]} Be7
{[%clk 0:47:40]} 15. Ng3 {[%clk 0:45:36]} Bxe4 {[%clk 0:37:51]} 16. Ngxe4
{[%clk 0:43:48]} O-O-O {[%clk 0:34:20]} 17. d5 {[%clk 0:42:57]} Ne5
{[%clk 0:32:34]} 18. Qf5+ {[%clk 0:40:09]} Kb8 {[%clk 0:32:54]} 19. dxc6
{[%clk 0:39:14]} bxc6 {[%clk 0:33:00]} 20. Rb1+ {[%clk 0:38:43]} Ka8
{[%clk 0:31:42]} 21. Rb3 {[%clk 0:38:33]} Qa5 {[%clk 0:31:03]} 22. Nxf6
{[%clk 0:33:13]} Rd3 {[%clk 0:31:17]} 23. Nfd5 {[%clk 0:29:16]} Rxd5
{[%clk 0:31:08]} 24. Nxd5 {[%clk 0:28:21]} Qxd5 {[%clk 0:29:56]} 25. Rfb1
{[%clk 0:23:02]} Rd8 {[%clk 0:28:40]} 26. h3 {[%clk 0:22:36]} Bc5
{[%clk 0:26:16]} 27. Qxh7 {[%clk 0:20:04]} Qd4 {[%clk 0:21:45]} 28. Qf5
{[%clk 0:19:23]} Rg8 {[%clk 0:19:17]} 29. Re1 {[%clk 0:15:02]} Re8
{[%clk 0:15:03]} 30. Rbe3 {[%clk 0:13:34]} Bd6 {[%clk 0:13:56]} 31. Kh1
{[%clk 0:10:52]} Qd5 {[%clk 0:13:24]} 32. Qe4 {[%clk 0:06:59]} Qxe4
{[%clk 0:12:24]} 33. Rxe4 Re7 {[%clk 0:12:06]} 34. Rd1 {[%clk 0:06:26]} Ng6
{[%clk 0:12:19]} 35. Rc4 {[%clk 0:06:11]} Ne5 {[%clk 0:11:55]} 36. Re4
{[%clk 0:05:47]} Bc5 {[%clk 0:10:55]} 37. f4 {[%clk 0:05:03]} Ng6
{[%clk 0:10:11]} 38. Rxe7 {[%clk 0:04:35]} Bxe7 {[%clk 0:08:15]} 39. Rd7
{[%clk 0:04:58]} f5 {[%clk 0:08:16]} 40. g4 {[%clk 0:05:15]} Bh4 {[%clk 0:05:37]}
41. gxf5 {[%clk 0:04:05]} Ne7 {[%clk 0:03:14]} 42. Rd6 {[%clk 0:04:02]} Nxf5
{[%clk 0:03:14]} 43. Rxc6 {[%clk 0:04:27]} Kb7 {[%clk 0:03:13]} 44. Rc5
{[%clk 0:04:19]} Nd6 {[%clk 0:03:17]} 45. Kg2 {[%clk 0:04:32]} Kb6
{[%clk 0:02:45]} 46. Rh5 {[%clk 0:04:50]} Be7 {[%clk 0:02:44]} 47. Kf3
{[%clk 0:05:02]} Kc6 {[%clk 0:02:59]} 48. Ra5 {[%clk 0:04:48]} Nc8
{[%clk 0:02:32]} 49. Kg4 {[%clk 0:04:44]} Bc5 {[%clk 0:02:46]} 50. h4
{[%clk 0:04:35]} Ne7 {[%clk 0:01:54]} 51. f5 {[%clk 0:04:14]} Bb6
{[%clk 0:02:09]} 52. Re5 {[%clk 0:04:15]} Kd6 {[%clk 0:00:46]} 53. Re4
{[%clk 0:04:00]} Nd5 {[%clk 0:01:02]} 54. Re6+ {[%clk 0:03:01]} Kd7
{[%clk 0:01:26]} 55. h5 {[%clk 0:03:07]} Bd8 {[%clk 0:01:12]} 56. h6
{[%clk 0:03:04]} Nf6+ {[%clk 0:01:10]} 57. Kf4 {[%clk 0:02:57]} a5
{[%clk 0:00:47]} 58. Ra6 {[%clk 0:02:49]} Ke8 {[%clk 0:00:42]} 59. Ra7
{[%clk 0:01:39]} Be7 {[%clk 0:00:45]} 60. Rxa5 {[%clk 0:01:55]} Kf7
{[%clk 0:00:43]} 61. Ra7 {[%clk 0:02:02]} Nh7 {[%clk 0:00:35]} 62. a4
{[%clk 0:01:45]} Kf8 {[%clk 0:00:35]} 63. a5 {[%clk 0:01:59]} Bg5+
{[%clk 0:00:57]} 64. Kg4 {[%clk 0:02:16]} Be7 {[%clk 0:00:58]} 65. a6
{[%clk 0:02:13]} Nf6+ {[%clk 0:01:21]} 66. Kf3 {[%clk 0:02:31]} Bc5
{[%clk 0:00:45]} 67. h7 {[%clk 0:02:39]} 1-0

[Event "Moscow Open F"]
[Site "?"]
[Date "2017.02.03"]
[Round "8.16"]
[White "Krikunov, Dmitry"]
[Black "Aleev, Aleksandr"]
[Result "1/2-1/2"]
[BlackElo "1960"]
[WhiteElo "2198"]
[LiveChessVersion "1.4.8"]

1. e4 {[%clk 1:30:57]} e6 {[%clk 1:29:29]} 2. d4 {[%clk 1:31:19]} d5
{[%clk 1:29:46]} 3. e5 {[%clk 1:31:47]} c5 {[%clk 1:30:09]} 4. c3
{[%clk 1:32:03]} Nc6 {[%clk 1:30:34]} 5. Nf3 {[%clk 1:32:26]} Bd7
{[%clk 1:30:45]} 6. a3 {[%clk 1:32:43]} Qb6 {[%clk 1:31:03]} 7. b4
{[%clk 1:32:59]} cxd4 {[%clk 1:31:26]} 8. cxd4 {[%clk 1:33:26]} Rc8
{[%clk 1:31:50]} 9. Be2 {[%clk 1:33:22]} a5 {[%clk 1:31:59]} 10. b5
{[%clk 1:33:01]} Nxd4 {[%clk 1:32:21]} 11. Nxd4 {[%clk 1:24:49]} Rxc1
{[%clk 1:32:01]} 12. Qxc1 {[%clk 1:25:14]} Qxd4 {[%clk 1:32:26]} 13. Qc7
{[%clk 1:24:31]} Bc5 {[%clk 1:32:17]} 14. Ra2 {[%clk 0:37:08]} Qxf2+
{[%clk 1:32:22]} 15. Kd1 {[%clk 0:37:28]} b6 {[%clk 1:31:19]} 16. Qb8+
{[%clk 0:26:15]} Ke7 {[%clk 1:31:28]} 17. Rf1 {[%clk 0:26:44]} Qe3
{[%clk 1:31:20]} 18. Rf3 {[%clk 0:23:59]} Qd4+ {[%clk 1:28:22]} 19. Rd2
{[%clk 0:23:44]} Qg1+ {[%clk 1:19:48]} 20. Kc2 {[%clk 0:23:20]} Be8
{[%clk 1:14:32]} 21. Nc3 {[%clk 0:14:27]} Nh6 {[%clk 1:12:21]} 22. Rxd5
{[%clk 0:14:08]} exd5 {[%clk 1:05:38]} 23. Nxd5+ {[%clk 0:14:35]} Kf8
{[%clk 1:05:51]} 24. Nc7 {[%clk 0:14:36]} Ke7 {[%clk 1:03:37]} 25. Nd5+
{[%clk 0:14:54]} Kf8 {[%clk 1:03:29]} 26. Nc7 {[%clk 0:14:47]} Ke7
{[%clk 1:03:34]} 27. Nd5+ {[%clk 0:02:00]} 1/2-1/2

[Event "Moscow Open F"]
[Site "?"]
[Date "2017.02.03"]
[Round "8.17"]
[White "Shmelev, Dmitriy"]
[Black "Orshonova, Elena"]
[Result "1/2-1/2"]
[BlackElo "1968"]
[WhiteElo "2128"]
[LiveChessVersion "1.4.8"]

1. b3 {[%clk 1:30:44]} e5 {[%clk 1:30:24]} 2. Bb2 {[%clk 1:31:07]} Nc6
{[%clk 1:30:48]} 3. e3 {[%clk 1:31:32]} Nf6 {[%clk 1:31:12]} 4. Bb5
{[%clk 1:31:54]} d6 {[%clk 1:31:35]} 5. d4 {[%clk 1:31:38]} Bd7 {[%clk 1:31:35]}
6. dxe5 {[%clk 1:27:33]} dxe5 {[%clk 1:30:56]} 7. Nf3 {[%clk 1:25:55]} e4
{[%clk 1:30:30]} 8. Nd4 {[%clk 1:22:29]} Nxd4 {[%clk 1:30:15]} 9. Bxd7+
{[%clk 1:22:50]} Qxd7 {[%clk 1:30:43]} 10. Qxd4 {[%clk 1:22:58]} O-O-O
{[%clk 1:30:43]} 11. Qxd7+ {[%clk 1:21:56]} Nxd7 {[%clk 1:30:01]} 12. Nc3
{[%clk 1:22:06]} Bb4 {[%clk 1:29:46]} 13. Ke2 {[%clk 1:20:51]} Bxc3
{[%clk 1:29:50]} 14. Bxc3 {[%clk 1:21:15]} f6 {[%clk 1:30:10]} 15. Bd4
{[%clk 1:10:36]} c5 {[%clk 1:30:24]} 16. Bb2 {[%clk 1:10:58]} Kc7
{[%clk 1:30:12]} 17. Rad1 {[%clk 1:11:02]} Nb8 {[%clk 1:29:49]} 18. f3
{[%clk 1:09:16]} Rxd1 {[%clk 1:26:10]} 19. Rxd1 {[%clk 1:09:08]} Re8
{[%clk 1:26:31]} 20. Rd5 {[%clk 1:07:22]} Kc6 {[%clk 1:24:49]} 21. fxe4
{[%clk 0:47:37]} Rxe4 {[%clk 1:25:07]} 22. Rd8 {[%clk 0:47:57]} Nd7
{[%clk 1:22:31]} 23. Kf3 {[%clk 0:46:55]} Re7 {[%clk 1:22:56]} 24. Rh8
{[%clk 0:45:31]} h6 {[%clk 1:23:21]} 25. h3 {[%clk 0:44:59]} Kd5 {[%clk 1:19:46]}
26. c4+ {[%clk 0:42:56]} Kd6 {[%clk 1:17:49]} 27. g4 {[%clk 0:41:34]} Ne5+
{[%clk 1:13:34]} 28. Bxe5+ {[%clk 0:41:02]} Kxe5 {[%clk 1:13:50]} 29. Rd8
{[%clk 0:41:17]} b6 {[%clk 1:14:10]} 30. Rd5+ {[%clk 0:31:56]} Ke6
{[%clk 1:14:37]} 31. h4 {[%clk 0:32:13]} g6 {[%clk 1:03:41]} 32. Rd8
{[%clk 0:20:16]} Kf7 {[%clk 1:03:59]} 33. e4 {[%clk 0:15:30]} Re8
{[%clk 1:00:50]} 34. Rd5 {[%clk 0:07:12]} Ke6 {[%clk 1:00:55]} 35. h5
{[%clk 0:05:44]} g5 {[%clk 0:56:57]} 36. Ke3 {[%clk 0:02:52]} a5 {[%clk 0:56:26]}
37. a4 {[%clk 0:03:15]} Rf8 {[%clk 0:56:37]} 38. Kf3 {[%clk 0:03:34]} Re8
{[%clk 0:57:05]} 39. Rd3 {[%clk 0:03:51]} Rf8 {[%clk 0:57:20]} 40. Ke3
{[%clk 0:04:15]} 1/2-1/2

[Event "Moscow Open F"]
[Site "?"]
[Date "2017.02.03"]
[Round "8.19"]
[White "Leolko, Ludmila"]
[Black "Kamrukov, Alexey"]
[Result "0-1"]
[BlackElo "2311"]
[WhiteElo "2012"]
[LiveChessVersion "1.4.8"]

1. e4 {[%clk 1:30:56]} c5 {[%clk 1:30:58]} 2. Nf3 {[%clk 1:31:16]} Nc6
{[%clk 1:31:26]} 3. d4 {[%clk 1:31:22]} cxd4 {[%clk 1:31:54]} 4. Nxd4
{[%clk 1:31:46]} e6 {[%clk 1:32:16]} 5. c4 {[%clk 1:27:27]} Nf6 {[%clk 1:28:45]}
6. Nc3 {[%clk 1:27:19]} Qc7 {[%clk 1:26:25]} 7. Be3 {[%clk 1:22:31]} a6
{[%clk 1:20:44]} 8. Rc1 {[%clk 1:20:31]} Bb4 {[%clk 1:19:14]} 9. f3
{[%clk 1:19:35]} b6 {[%clk 0:55:56]} 10. Be2 {[%clk 1:19:32]} Bb7
{[%clk 0:54:27]} 11. O-O {[%clk 1:19:41]} Nxd4 {[%clk 0:48:56]} 12. Bxd4
{[%clk 1:17:06]} Bd6 {[%clk 0:45:18]} 13. g3 {[%clk 1:12:54]} h5 {[%clk 0:38:54]}
14. Rf2 {[%clk 1:06:59]} h4 {[%clk 0:37:16]} 15. g4 {[%clk 1:06:16]} Bf4
{[%clk 0:37:10]} 16. Rc2 {[%clk 1:00:37]} e5 {[%clk 0:34:44]} 17. Nd5
{[%clk 1:00:34]} Nxd5 {[%clk 0:33:43]} 18. cxd5 {[%clk 0:55:38]} Qd6
{[%clk 0:32:21]} 19. Bc3 {[%clk 0:54:15]} Be3 {[%clk 0:31:40]} 20. Be1
{[%clk 0:54:38]} O-O {[%clk 0:28:30]} 21. Kg2 {[%clk 0:54:43]} Bxf2
{[%clk 0:27:49]} 22. Bxf2 {[%clk 0:54:40]} Rfc8 {[%clk 0:25:57]} 23. Be3
{[%clk 0:54:01]} Rc7 {[%clk 0:21:16]} 24. Rxc7 {[%clk 0:53:23]} Qxc7
{[%clk 0:21:40]} 25. Qb3 {[%clk 0:53:39]} b5 {[%clk 0:19:51]} 26. Bd3
{[%clk 0:53:46]} d6 {[%clk 0:18:27]} 27. Qb4 {[%clk 0:53:18]} f6 {[%clk 0:17:01]}
28. Qe1 {[%clk 0:53:08]} g5 {[%clk 0:09:46]} 29. Qd2 {[%clk 0:51:13]} Bc8
{[%clk 0:06:05]} 30. Qf2 {[%clk 0:45:47]} Rb8 {[%clk 0:05:43]} 31. Qe2
{[%clk 0:44:36]} Bd7 {[%clk 0:05:12]} 32. Qd2 {[%clk 0:44:18]} Be8
{[%clk 0:05:00]} 33. Qe2 {[%clk 0:43:18]} a5 {[%clk 0:05:14]} 34. Bd2
{[%clk 0:38:15]} b4 {[%clk 0:05:18]} 35. Be3 {[%clk 0:38:27]} a4 {[%clk 0:04:12]}
36. Bd2 {[%clk 0:38:08]} b3 {[%clk 0:03:31]} 37. a3 {[%clk 0:38:28]} Qb7
{[%clk 0:02:57]} 38. Bb4 {[%clk 0:35:09]} Qb6 {[%clk 0:03:21]} 39. Qd2
{[%clk 0:33:21]} Bb5 {[%clk 0:02:32]} 40. Bb1 {[%clk 0:33:38]} Rc8
{[%clk 0:02:27]} 41. Bc3 {[%clk 0:33:47]} Qc5 {[%clk 0:02:13]} 42. Qe1
{[%clk 0:33:33]} Kf7 {[%clk 0:02:04]} 43. Bd2 {[%clk 0:30:46]} Qc4
{[%clk 0:01:38]} 44. Kf2 {[%clk 0:31:05]} Qd4+ {[%clk 0:01:29]} 0-1

[Event "Moscow Open F"]
[Site "?"]
[Date "2017.02.03"]
[Round "8.20"]
[White "Mingazov, Almaz"]
[Black "Aseeva, Anastasia"]
[Result "1-0"]
[BlackElo "2002"]
[WhiteElo "2303"]
[LiveChessVersion "1.4.8"]

1. d4 {[%clk 1:11:47]} d5 {[%clk 1:30:50]} 2. Nf3 {[%clk 1:12:10]} c6
{[%clk 1:31:15]} 3. c4 {[%clk 1:12:35]} Nf6 {[%clk 1:31:38]} 4. e3
{[%clk 1:13:01]} a6 {[%clk 1:31:51]} 5. Nc3 {[%clk 1:13:25]} g6 {[%clk 1:32:13]}
6. Bd3 {[%clk 1:13:30]} Bg7 {[%clk 1:32:37]} 7. O-O {[%clk 1:13:54]} O-O
{[%clk 1:32:52]} 8. b3 {[%clk 1:14:03]} Bg4 {[%clk 1:33:05]} 9. h3
{[%clk 1:14:27]} Bxf3 {[%clk 1:33:29]} 10. Qxf3 {[%clk 1:14:52]} e6
{[%clk 1:33:51]} 11. Rd1 {[%clk 1:14:53]} Nbd7 {[%clk 1:34:09]} 12. Bb2
{[%clk 1:14:59]} Re8 {[%clk 1:32:56]} 13. Qe2 {[%clk 1:14:05]} b5
{[%clk 1:30:53]} 14. a4 {[%clk 1:13:14]} b4 {[%clk 1:28:01]} 15. Na2
{[%clk 1:13:36]} a5 {[%clk 1:28:27]} 16. cxd5 {[%clk 1:13:58]} exd5
{[%clk 1:27:06]} 17. Rac1 {[%clk 1:14:15]} Qb6 {[%clk 1:27:09]} 18. Rc2
{[%clk 1:12:59]} Re6 {[%clk 1:26:17]} 19. Nc1 {[%clk 1:12:20]} Rae8
{[%clk 1:25:36]} 20. Qf1 {[%clk 1:09:14]} Ne4 {[%clk 1:19:54]} 21. Ne2
{[%clk 1:09:24]} f5 {[%clk 1:18:03]} 22. Nf4 {[%clk 1:08:13]} Rd6
{[%clk 1:11:05]} 23. Be2 {[%clk 1:07:46]} Bf6 {[%clk 1:02:04]} 24. Nd3
{[%clk 1:05:36]} Bh4 {[%clk 1:01:15]} 25. g3 {[%clk 1:04:11]} Bf6
{[%clk 0:56:41]} 26. Qg2 {[%clk 1:01:56]} Bg7 {[%clk 0:45:18]} 27. Rdc1
{[%clk 1:00:00]} Rde6 {[%clk 0:42:44]} 28. g4 {[%clk 0:57:10]} Kh8
{[%clk 0:28:42]} 29. Nf4 {[%clk 0:57:12]} Rd6 {[%clk 0:28:16]} 30. gxf5
{[%clk 0:55:19]} gxf5 {[%clk 0:28:16]} 31. Bh5 {[%clk 0:54:20]} Rf8
{[%clk 0:20:15]} 32. Kh1 {[%clk 0:36:10]} Ndf6 {[%clk 0:16:16]} 33. Be2
{[%clk 0:26:23]} Bh6 {[%clk 0:14:11]} 34. Qh2 {[%clk 0:26:45]} Rg8
{[%clk 0:12:50]} 35. Nd3 {[%clk 0:22:58]} Bxe3 {[%clk 0:05:10]} 36. fxe3
{[%clk 0:15:42]} Ng3+ {[%clk 0:05:34]} 37. Kg2 {[%clk 0:16:04]} Nxe2+
{[%clk 0:05:43]} 38. Kf3 {[%clk 0:16:30]} Ng3 {[%clk 0:01:55]} 39. Ne5
{[%clk 0:16:16]} Qb7 {[%clk 0:01:24]} 40. Rg2 {[%clk 0:14:30]} Nfe4
{[%clk 0:01:17]} 41. Rcg1 {[%clk 0:14:45]} f4 {[%clk 0:00:38]} 42. exf4
{[%clk 0:14:55]} Rf6 {[%clk 0:00:36]} 43. Rxg3 {[%clk 0:15:06]} Nxg3
{[%clk 0:00:43]} 44. Rxg3 {[%clk 0:15:30]} Rgf8 {[%clk 0:00:37]} 45. Bc1
{[%clk 0:15:56]} Qa7 {[%clk 0:00:38]} 46. Qf2 {[%clk 0:15:17]} Qc7
{[%clk 0:00:46]} 47. Qc2 {[%clk 0:15:23]} Qc8 {[%clk 0:00:34]} 48. Rg4
{[%clk 0:15:43]} Rg8 {[%clk 0:00:33]} 49. Qg2 {[%clk 0:15:42]} Rxg4
{[%clk 0:00:35]} 50. hxg4 {[%clk 0:15:47]} c5 {[%clk 0:00:40]} 51. Qc2
{[%clk 0:15:04]} c4 {[%clk 0:00:39]} 52. f5 {[%clk 0:14:46]} Rf8 {[%clk 0:00:33]}
53. Bh6 {[%clk 0:13:42]} Rf6 {[%clk 0:00:43]} 54. Bg5 {[%clk 0:13:55]} Rf8
{[%clk 0:00:57]} 55. Be7 {[%clk 0:13:32]} cxb3 {[%clk 0:00:38]} 56. Qxb3
{[%clk 0:13:39]} Re8 {[%clk 0:00:35]} 57. Bf6+ {[%clk 0:13:52]} Kg8
{[%clk 0:01:02]} 58. Qxd5+ {[%clk 0:14:18]} Re6 {[%clk 0:01:18]} 59. Qxe6+
{[%clk 0:14:34]} Qxe6 {[%clk 0:01:45]} 60. fxe6 {[%clk 0:14:56]} 1-0

[Event "Moscow Open F"]
[Site "?"]
[Date "2017.02.03"]
[Round "8.21"]
[White "Bayarmaa, Bayarjargal"]
[Black "Zakharova, Evgenia"]
[Result "1-0"]
[BlackElo "1914"]
[WhiteElo "2236"]
[LiveChessVersion "1.4.8"]

1. d4 {[%clk 1:28:04]} d5 {[%clk 1:30:46]} 2. c4 {[%clk 1:28:28]} dxc4
{[%clk 1:31:10]} 3. Nf3 {[%clk 1:26:35]} Nf6 {[%clk 1:31:19]} 4. Nc3
{[%clk 1:26:44]} e6 {[%clk 1:30:52]} 5. e3 {[%clk 1:26:05]} a6 {[%clk 1:30:31]}
6. a4 {[%clk 1:24:35]} c5 {[%clk 1:29:54]} 7. Bxc4 {[%clk 1:24:40]} Nc6
{[%clk 1:28:55]} 8. O-O {[%clk 1:24:28]} Be7 {[%clk 1:28:05]} 9. Qe2
{[%clk 1:16:52]} cxd4 {[%clk 1:27:48]} 10. Rd1 {[%clk 1:16:58]} O-O
{[%clk 1:27:52]} 11. exd4 {[%clk 1:16:25]} Nb4 {[%clk 1:26:29]} 12. Bf4
{[%clk 1:15:05]} b6 {[%clk 1:20:51]} 13. Rac1 {[%clk 1:14:04]} Bb7
{[%clk 1:19:42]} 14. h3 {[%clk 1:12:01]} Rc8 {[%clk 1:16:45]} 15. Bg3
{[%clk 1:07:24]} Nh5 {[%clk 1:12:39]} 16. Be5 {[%clk 1:06:44]} Nf6
{[%clk 1:03:21]} 17. Na2 {[%clk 0:54:47]} Nfd5 {[%clk 1:00:59]} 18. Nxb4
{[%clk 0:54:41]} Nxb4 {[%clk 1:00:54]} 19. Bg3 {[%clk 0:51:48]} Bg5
{[%clk 0:55:30]} 20. Rc3 {[%clk 0:33:12]} Nd5 {[%clk 0:51:45]} 21. Bxd5
{[%clk 0:32:35]} Qxd5 {[%clk 0:51:50]} 22. Bc7 {[%clk 0:32:52]} Bd8
{[%clk 0:48:22]} 23. Rdc1 {[%clk 0:30:02]} Bxc7 {[%clk 0:43:59]} 24. Rxc7
{[%clk 0:30:24]} Qb3 {[%clk 0:37:42]} 25. R1c3 {[%clk 0:30:00]} Qd5
{[%clk 0:36:44]} 26. Qe5 {[%clk 0:26:04]} Rxc7 {[%clk 0:35:49]} 27. Qxc7
{[%clk 0:26:00]} b5 {[%clk 0:33:04]} 28. Rc5 {[%clk 0:23:08]} Qe4
{[%clk 0:32:03]} 29. axb5 {[%clk 0:23:19]} axb5 {[%clk 0:31:51]} 30. Kh2
{[%clk 0:22:15]} Bd5 {[%clk 0:25:14]} 31. Rxb5 {[%clk 0:22:32]} f6
{[%clk 0:24:00]} 32. Ra5 {[%clk 0:19:32]} e5 {[%clk 0:19:54]} 33. Qc1
{[%clk 0:13:32]} exd4 {[%clk 0:18:23]} 34. Qc7 {[%clk 0:04:24]} d3
{[%clk 0:15:24]} 35. Qd6 {[%clk 0:04:40]} Ba8 {[%clk 0:09:53]} 36. Ra7
{[%clk 0:04:09]} Qg6 {[%clk 0:06:57]} 37. Rxa8 {[%clk 0:04:11]} Re8
{[%clk 0:04:28]} 38. Qe6+ {[%clk 0:03:31]} Kf8 {[%clk 0:04:42]} 39. Rxe8+
{[%clk 0:03:48]} Qxe8 {[%clk 0:04:56]} 40. Qxe8+ {[%clk 0:04:12]} Kxe8
{[%clk 0:05:21]} 41. Kg3 {[%clk 0:04:36]} g5 {[%clk 0:04:26]} 42. Nd2
{[%clk 0:04:57]} Ke7 {[%clk 0:03:28]} 43. Kf3 {[%clk 0:05:19]} Ke6
{[%clk 0:03:22]} 44. Ke4 {[%clk 0:05:45]} f5+ {[%clk 0:03:40]} 45. Kxd3
{[%clk 0:06:12]} h5 {[%clk 0:03:59]} 46. Kd4 {[%clk 0:06:34]} g4 {[%clk 0:04:13]}
47. h4 {[%clk 0:06:47]} 1-0